000 00841nmm a2200265 a 4500
001 ocm0002347303
003 TR-IsHL
005 20201028184541.0
008 190511s2019 tu eng
007 cr cn
020 _a9786057566164
035 _a2347303
_b(N$T)
050 0 4 _aPS1294.C63
_bB3 2019
090 0 4 _aPS1294.C63
_bB3 2019
100 1 _aChopin, Kate
245 1 0 _aBayou folk
_h[electronic resource] /
_cKate Chopin
260 _aİstanbul :
_be-Kitap Projesi & Cheapest Books,
_c2019
300 _a245 p.
650 4 _aDil ve Edebiyat
650 4 _aLanguage and Literature
650 0 _aAmerikan romanı
650 0 _aAmerican fiction
650 7 _aLITERARY COLLECTIONS / American / General
_2bisacsh
856 4 0 _uhttp://search.ebscohost.com/login.aspx?direct=true&scope=site&db=e011xww&AN=2347303
999 _c21051
_d21051